000 00770nam a2200133Ia 4500
008 220620s9999||||xx |||||||||||||| ||und||
020 _a9783040000000
245 4 _aThe State of the Art of Thermo-Chemical Heat Storage
546 _aEnglish[eng]
650 _asolar DWH||adsorption||heat storage||energy efficiency||climate conditions||numerical simulation||chemical sorption||system efficiency||reaction enthalpy||theoretical limits||cold storage||mobile refrigeration||FAM Z02||SAPO-34||zeolite||thermochemical storage||sorption heat storage||power-to-heat||power grid support||thermal storage||solar systems||experimental campaign||numerical modelling||SAPO34||foam
700 _aVasta, Salvatore
856 _uhttps://mdpi.com/books/pdfview/book/4171
942 _cEB
999 _c22907
_d22907